000 01756nam a2200241Ia 4500
008 260220t1961||||xx |||||||||||||| ||spa||
040 _aPY-SlUNAC
_bspa
_erda
041 _aspa
082 _a530.11
_bC128i
100 _aCalero, Orlando
_eAutor
245 0 _aIntroducción a la teoría de la relatividad: /
_cpor Orlando Calero [Autor]
264 _aEl Salvador :
_bMinisterio de Educación,
_c℗1961.
300 _a1 volumen
520 _aEn "Introducción a la teoría de la relatividad", Orlando Calero ofrece una exposición clara y accesible de los principios fundamentales que sustentan la teoría de la relatividad de Albert Einstein. El texto se divide en secciones que abordan tanto la relatividad especial como la general, explicando conceptos como la dilatación del tiempo, la contracción de la longitud y la equivalencia entre masa y energía. A través de ejemplos ilustrativos y análisis matemáticos simplificados, Calero facilita la comprensión de cómo estas teorías revolucionaron la física moderna y desafiaron las nociones tradicionales del espacio y el tiempo. Además, el autor contextualiza la relevancia histórica de la relatividad, destacando su impacto en el desarrollo de tecnologías contemporáneas, como la navegación por satélite. En conjunto, el libro no solo sirve como un recurso educativo para estudiantes y entusiastas de la física, sino que también fomenta una apreciación más profunda de los desafíos conceptuales que plantea la naturaleza del universo.
653 _aFísica
653 _aRelatividad
653 _aTeoría
942 _b2026/02/17
_cBK
999 _c7745
_d7745